|
|
|
|
| LEADER |
00000nam0a2200000 4500 |
| 001 |
305117 |
| 005 |
20231102001753.0 |
| 035 |
|
|
|a (RuTPU)RU\TPU\book\330383
|
| 090 |
|
|
|a 305117
|
| 100 |
|
|
|a 20150924d1982 km y0rusy50 ca
|
| 101 |
0 |
|
|a rus
|
| 102 |
|
|
|a RU
|
| 105 |
|
|
|a a z 001zb
|
| 200 |
1 |
|
|a Научное творчество К. Э. Циалковского и история авиации и космонавтики
|e труды XII-XIY Чтений, посвященных разработке научного наследия и развитию идей К. Э. Циолковского, Калуга, 1978, 1979 г. г.
|
| 210 |
|
|
|a Москва
|c Изд-во ИИЕТ АН СССР
|d 1982
|
| 215 |
|
|
|a 162 с.
|c ил.
|
| 225 |
1 |
|
|a Исследование научного творчества К. Э. Циолковского
|
| 320 |
|
|
|a Библиогр. в конце докл.
|
| 600 |
|
1 |
|a Циолковский
|g Константин Эдуардович
|b К. Э.
|c учёный и изобретатель
|c основоположник космонавтики
|f 1857-1935
|2 stltpush
|3 (RuTPU)RU\TPU\pers\1304
|
| 606 |
1 |
|
|a Космонавтика
|2 stltpush
|3 (RuTPU)RU\TPU\subj\15890
|9 42093
|
| 610 |
1 |
|
|a авиация
|
| 610 |
1 |
|
|a летательные аппараты
|
| 610 |
1 |
|
|a космические аппараты
|
| 610 |
1 |
|
|a космические полеты
|
| 610 |
1 |
|
|a история
|
| 610 |
1 |
|
|a ученые
|
| 610 |
1 |
|
|a научное творчество
|
| 610 |
1 |
|
|a чтения
|
| 610 |
1 |
|
|a Калуга
|
| 675 |
|
|
|a 629.78(063)
|v 4
|
| 702 |
|
1 |
|a Космодемьянский
|b А. А.
|4 340
|
| 712 |
0 |
2 |
|a Академия наук СССР (АН СССР)
|b Институт истории естествознания и техники (ИИЕТ АН СССР)
|c (Москва)
|c (1953- )
|2 stltpush
|3 (RuTPU)RU\TPU\col\8662
|
| 712 |
0 |
2 |
|a Государственный музей истории космонавтики
|2 stltpush
|3 (RuTPU)RU\TPU\col\15626
|9 26196
|
| 712 |
1 |
2 |
|a Научное творчество К. Э. Циалковского и история авиации и космонавтики
|c Чтения
|d 13-14
|e Калуга
|f 1978-1979
|4 570
|
| 801 |
|
1 |
|a RU
|b 63413507
|c 20150924
|
| 801 |
|
2 |
|a RU
|b 63413507
|c 20190709
|g RCR
|
| 942 |
|
|
|c BK
|